Perceptions of leadership amongst ethnic Malay pupils in residential secondary schools in Peninsular Malaysia in the context of national development /
Saved in:
| 主要作者: | |
|---|---|
| 格式: | Thesis |
| 语言: | English |
| 出版: |
London :
University of London,
1998
|
| 主题: | |
| 在线阅读: | Click here to view 1st 24 pages of the thesis. Members can view fulltext at the specified PCs in the library. |
| 标签: |
添加标签
没有标签, 成为第一个标记此记录!
|
| LEADER | 017570000a22003730004500 | ||
|---|---|---|---|
| 001 | 149075 | ||
| 005 | 20081015122000.0 | ||
| 008 | 981102s1998 my a f 0 eng d | ||
| 035 | |a 557469 | ||
| 035 | |a (Sirsi) 149075 | ||
| 040 | |a UIAM |b eng | ||
| 043 | |a a-my--- | ||
| 049 | |b m | ||
| 050 | |a LC94M3 | ||
| 100 | 0 | |a Nik Ahmad Hisham bin Ismail | |
| 245 | 1 | 0 | |a Perceptions of leadership amongst ethnic Malay pupils in residential secondary schools in Peninsular Malaysia in the context of national development / |c Nik Ahmad Hisham Bin Ismail |
| 260 | 1 | |a London : |b University of London, |c 1998 | |
| 300 | |a x, 347 p. ; |c 29 cm. | ||
| 502 | |a (Ph.D.)--University of London, 1998 | ||
| 533 | |a 1 copy | ||
| 596 | |a 1 | ||
| 650 | 0 | |a Education and state |z Malaysia | |
| 650 | 0 | |a Malays (Asian people) |x Education |z Malaysia | |
| 650 | 0 | |a Politics and education |z Malaysia | |
| 650 | 0 | |a Nationalism and education |z Malaysia | |
| 650 | 0 | |a Educational equalization |x Case studies |z Malaysia | |
| 650 | 0 | |a Intercultural education |x Research |z Malaysia | |
| 650 | 0 | |a Leadership |x Research |z Malaysia | |
| 650 | 0 | |a Community leadership |x Case studies |z Malaysia | |
| 856 | 4 | |u https://lib.iium.edu.my/mom/services/mom/document/getFile/dH3cplUrIMfH7URIS61HbY1APlbSxLV020110427094547515 |z Click here to view 1st 24 pages of the thesis. Members can view fulltext at the specified PCs in the library. | |
| 900 | |a asm-arr | ||
| 999 | |c 431102 |d 462593 | ||
| 952 | |0 0 |6 T LC 000094 M3 N577P 1998 |7 0 |8 THESES |9 750774 |a IIUM |b IIUM |c MULTIMEDIA |g 0.00 |o t LC 94 M3 N577P 1998 |p 00000557471 |r 2017-10-19 |t 1 |v 0.00 |y THESIS | ||
| 952 | |0 0 |6 TS CDF LC 94 M3 N577P 1998 |7 0 |8 THESES |9 797818 |a IIUM |b IIUM |c MULTIMEDIA |g 0.00 |o ts cdf LC 94 M3 N577P 1998 |p 11100326331 |r 2017-10-27 |t 1 |v 0.00 |y THESISDIG | ||
